Internal combustion engines and air pollution (Record no. 4453)

000 -LEADER
fixed length control field 00551nam a22001937a 4500
001 - CONTROL NUMBER
control field 4453
003 - CONTROL NUMBER IDENTIFIER
control field BD-DhUET
008 - FIXED-LENGTH DATA ELEMENTS--GENERAL INFORMATION
fixed length control field 141116b xxu||||| |||| 00| 0 eng d
020 ## - INTERNATIONAL STANDARD BOOK NUMBER
International Standard Book Number 0352045600
040 ## - CATALOGING SOURCE
Transcribing agency 0
Modifying agency BD-DhUET
082 ## - DEWEY DECIMAL CLASSIFICATION NUMBER
Classification number 621.43
Item number OBE/1973
100 ## - MAIN ENTRY--PERSONAL NAME
Personal name Obert, Edward F.
245 ## - TITLE STATEMENT
Title Internal combustion engines and air pollution
Remainder of title based on internal combustion engines
250 ## - EDITION STATEMENT
Edition statement 3rd ed.
260 ## - PUBLICATION, DISTRIBUTION, ETC. (IMPRINT)
Place of publication, distribution, etc. New York
Name of publisher, distributor, etc. Intext Educational Publishers
Date of publication, distribution, etc. 1973
300 ## - PHYSICAL DESCRIPTION
Extent xiii, 740 p.
Other physical details ill.
650 #0 - SUBJECT ADDED ENTRY--TOPICAL TERM
Topical term or geographic name as entry element Internal combustion engines
942 ## - ADDED ENTRY ELEMENTS (KOHA)
Koha item type General Book
Holdings
Lost status Location (home branch) Koha full call number Damaged status Sublocation or collection (holding branch) Price effective from Withdrawn status Shelving location Koha date last borrowed Koha date last seen Piece designation (barcode) Koha item type Koha normalized classification for sorting Source of classification or shelving scheme Koha issues (times borrowed) Copy number Not for loan Date acquired
 Central Library, BUET621.43/OBE/1973 Central Library, BUET2014-11-16 Circulation section2014-11-162015-10-1242113General Book621_000000000000000_43OBE1973 1  2014-11-16
 Central Library, BUET621.43/OBE/1973 Central Library, BUET2015-04-13 Circulation section2018-02-032018-02-1742111General Book621_430000000000000_OBE_1973 32 2015-04-13
 Central Library, BUET621.43/OBE/1973 Central Library, BUET2015-06-16 Reading section 2015-06-1642105Reading Item621_430000000000000_OBE_1973  3 2015-06-16
 Central Library, BUET621.43/OBE/1973 Central Library, BUET2015-06-30 Reading section 2015-06-3048959Reading Item621_430000000000000_OBE_1973  4 2015-06-30
 Central Library, BUET621.43/OBE/1973 Central Library, BUET2015-07-02 Reading section 2015-07-0242108Reading Item621_430000000000000_OBE_1973  5 2015-07-02
 Central Library, BUET621.43/OBE/1973 Central Library, BUET2015-07-04 Reading section 2015-07-0448939Reading Item621_430000000000000_OBE_1973  6 2015-07-04